00866 a2200145 4500003000500000005001700005020001500022040000900037082001600046245003400062260004400096300002900140505051700169650003400686Nust20221208100245.0 a8120325591 cNust a621.382,NII aCommunication systems /cNIIT aPrentice-Hall of IndiabNew Delhic2004 aix, 458 p.billusc24 cm aIntroduction to digital communications (Page-1), Coding in digital communication systems (Page-55), Digital modulation techniques (Page-97), Cellular and spread spectrum communications (Page-145), Data communication and multiplexing architectures(page 185), Wave propagation and satellite communications (Page-223), Transmission lines and wave guides (Page-259), Antenna propagation and radar (Page-311), Microwave communication (Page-343), Lasers and fibre optic communications (Page-383), Glossary (Page-453).  aTelecommunication Engineering